[Event "IV Copa Marcel Duchamp 2020"]
[Site "Montevideo"]
[Date "2020.02.14"]
[Round "8.6"]
[White "Rodriguez Vila, Andres"]
[Black "De Dovitiis, Alejo"]
[Result "0-1"]
[WhiteElo "2492"]
[BlackElo "2314"]
[Annotator "TA"]
[PlyCount "64"]
[EventDate "2020.02.08"]
[EventType "swiss"]
[EventCountry "URU"]
[SourceTitle "playchess.com"]
[Source "ChessBase"]
[SourceQuality "1"]

{[%evp 13,137,8,16,0,22,3,21,15,30,7,26,14,29,0,29,7,14,3,55,0,54,56,50,8,34,0,0,-57,-59,-64,-48,-41,-19,-45,-56,-61,-73,-71,-75,-75,-83,-85,-79,-54,-42,-66,0,0,0,-241,-251,-208,-142,-147,-208,-208,-77,-72,-30,-32,-26,-27,0,0,0,0,0,-12,0,-104,0,0,0,0,0,0,56,0,0,0,0,0,0,0,0,0,0,0,0,0,0,0,29,-58,0,0,0,0,0,-22,0,0,0,-97,0,-53,0,0,0,0,0,0,0,-12851,-27994,-27995,-27995,-27996,-27996,-27997,-27997,-27998,-27998,-27999,-27999,-27999]} 1. d4 Nf6 2. Nf3 e6 3. e3 b6 4. Bd3 Bb7 5. O-O Be7 6. b3 O-O {6...c5 is not played anymore.} 7. Bb2 c5 {7...c5 scores better than 7...d5.} 8. dxc5 {A47: 1 d4 Nf6 2 Nf3 b6: Torre, London and Colle Systems.} bxc5 9. c4 d6 10. Nc3 {The position is equal.} Nbd7 11. Qc2 {[#]} Re8 $146 ({Predecessor:} 11... Bc6 12. Rad1 Qc7 13. Ng5 h6 14. Nge4 Qb7 15. f4 Rad8 16. Nxf6+ Nxf6 17. e4 Nd7 {1-0 (40) Rodriguez Vila,A (2443)-Malbran,G (2244) Buenos Aires 2014}) 12. Rad1 h6 13. Nd2 Qb6 14. f4 d5 15. Nf3 a6 (15... Rad8 $11) 16. Qf2 (16. Ne5 $14) 16... d4 (16... Bd6 $11) 17. exd4 $14 cxd4 18. Na4 Qc7 $1 19. Nxd4 (19. Ne5 $5) 19... Nc5 20. Nc3 ({Better is} 20. Kh1 $11) 20... Nxd3 $15 21. Rxd3 Rad8 22. Na4 Ne4 23. Qe2 Nc5 24. Nxc5 Bxc5 25. Kh1 e5 $1 $36 {[%cal Re5d4][%mdl 2048] Black has strong initiative.} 26. Nf5 Rxd3 27. Qxd3 {Black must now prevent Qg3!} exf4 28. Bxg7 Qc6 {[%csl Gb7][%cal Rc6g2]} (28... Be4 $5 29. Qh3 $8 f3 30. gxf3 Bxf5 31. Qxh6 f6 $1 {[%mdl 512]} 32. Bxf6 Qh7 $15) 29. Qh3 f3 (29... Re2 $15 30. Nxh6+ Kxg7 31. Nf5+ {[#]} Kg8 $1 {[%mdl 512]} 32. Qg4+ {[%mdl 64] Double Attack} Qg6 33. Nh6+ Kf8 $1 {[%mdl 512]} 34. Qxe2 Qxh6) 30. gxf3 $11 Re1 $1 {( -> ...Qxf3+)} 31. Kg2 $2 (31. Nxh6+ $11 Kxg7 32. Nf5+ Kf6 33. Qh6+ Kxf5 34. Qh5+ Kf6 35. Qh6+ Kf5 36. Qh5+ Kf6 37. Qh6+ Kf5) 31... Qg6+ $19 32. Qg3 {[#]} Re2+ {Played: Bb7xf3} 0-1

[Event "IV Copa Marcel Duchamp 2020"]
[Site "Montevideo"]
[Date "2020.02.14"]
[Round "8.7"]
[White "Menna Barreto, Felipe Kubiaki"]
[Black "Munoz Perez, Rolando"]
[Result "1-0"]
[WhiteElo "2395"]
[BlackElo "2130"]
[Annotator "TA"]
[PlyCount "91"]
[EventDate "2020.02.08"]
[EventType "swiss"]
[EventCountry "URU"]
[SourceTitle "playchess.com"]
[Source "ChessBase"]
[SourceQuality "1"]

{[%evp 18,91,39,40,38,31,28,24,38,29,34,0,0,-1,0,-7,7,-81,-47,-32,-24,-66,-53,-63,-68,-61,-60,-50,95,99,94,104,107,78,191,195,371,362,348,294,293,241,743,732,666,619,593,319,341,345,343,346,497,357,675,674,641,620,649,631,636,620,2301,607,607,585,4801,1451,2376,647,1287,1683,1344,1497,1075,1066]} 1. d4 Nf6 2. Nf3 e6 3. Bf4 c5 4. e3 b6 5. Bd3 Bb7 6. Nbd2 cxd4 7. exd4 Be7 8. h3 O-O 9. O-O d6 10. c3 Nbd7 {A47: 1 d4 Nf6 2 Nf3 b6: Torre, London and Colle Systems.} 11. Re1 Qc7 12. a4 a6 {White has an edge.} 13. Bh2 Rfe8 14. c4 Bf8 15. a5 bxa5 16. Qa4 {[#]} e5 $146 {Hoping for ...e4.} ({Predecessor:} 16... Bc6 17. Qxa5 Qb7 18. Qc3 Rec8 19. Reb1 e5 20. Bf1 Ne4 21. Nxe4 Bxe4 22. Re1 Bxf3 23. Qxf3 Qxf3 24. gxf3 exd4 {½-½ (76) Golubov,S (2481)-Jakovenko,D (2714) Moscow 2016}) 17. Bf5 ({Wrong is} 17. Qxa5 $2 Qxa5 18. Rxa5 e4 $19) (17. Bf1 $11) 17... g6 18. Bxd7 $1 Nxd7 19. d5 Reb8 20. Qxa5 Qxa5 21. Rxa5 Bc8 22. b3 Nc5 (22... f6 $15 {keeps the upper hand.}) 23. Rxc5 $1 $16 dxc5 24. Bxe5 Rb6 {[#]} 25. Ne4 $1 Bg7 (25... Rxb3 $16 26. Nf6+ Kh8) 26. Nxc5 $18 Bf5 $2 (26... Bf8) 27. Bc7 Rf6 28. d6 Bf8 29. d7 {Strongly threatening Re8.} Bxc5 $2 (29... Rc6) 30. Re8+ {[%mdl 64] [#] Double Attack} Bf8 31. Rxa8 Bxd7 32. c5 Re6 33. Bd6 Be8 34. Rxa6 Bh6 (34... Bxd6 {was called for.} 35. cxd6 Kg7) 35. b4 f6 $2 (35... Bf8 36. Ng5 Re1+ 37. Kh2 h6) 36. Ra8 {White is clearly winning.} Kf7 37. Ra7+ Kg8 38. Rb7 Bc6 39. Rb8+ Re8 40. Nd4 (40. Rxe8+ $142 Bxe8 41. Nd4) 40... Rxb8 41. Bxb8 {KBB-KBN} Ba4 42. c6 Kf7 43. Bd6 (43. b5 $142 Ke7 44. Bg3) 43... Bd2 44. b5 {Threatening mate with c7.} Ba5 45. c7 Bxc7 46. Bxc7 {Accuracy: White = 65%, Black = 41%.} 1-0

[Event "IV Copa Marcel Duchamp 2020"]
[Site "Montevideo"]
[Date "2020.02.14"]
[Round "8.8"]
[White "Larrea, Manuel"]
[Black "Diaz Hollemaert, Nahuel"]
[Result "0-1"]
[WhiteElo "2243"]
[BlackElo "2450"]
[Annotator "TA"]
[PlyCount "82"]
[EventDate "2020.02.08"]
[EventType "swiss"]
[EventCountry "URU"]
[SourceTitle "playchess.com"]
[Source "ChessBase"]
[SourceQuality "1"]

{[%evp 9,82,36,79,88,93,97,110,98,117,24,30,-26,41,22,49,28,29,22,35,23,58,0,4,14,18,0,0,0,0,0,3,0,-8,-20,20,0,0,0,0,0,0,0,0,0,0,0,0,0,0,0,0,0,217,0,0,0,0,0,0,-43,-54,-139,-111,-283,-291,-255,-114,-127,-93,-261,-12,-232,-232,-251,-216]} 1. e4 e5 2. Nf3 Nc6 3. Bc4 d6 4. d4 Bg4 5. h3 Bxf3 6. Qxf3 {[%csl Gc4][%cal Rf3f7] C50: Hungarian Defence and Giuoco Pianissimo.} Nf6 7. d5 $1 {[%cal Rd5c6]} Nb8 {[#]} 8. g4 $146 {White is better.} ({Predecessor:} 8. Nc3 Nbd7 9. a4 Be7 10. a5 a6 11. Ne2 O-O 12. g4 Nc5 13. Ng3 Ne8 14. b4 {0-1 (41) Burnazov,L (1933)-Fotin,V (2315) Moscow 2018}) 8... Be7 9. Bf1 (9. g5 $16) 9... Nfd7 $11 10. c4 (10. Be3 $142) 10... c5 (10... Nf8 $11) 11. Nc3 Na6 12. a3 Nc7 13. Be3 a6 14. Bd3 Nf8 15. Qf5 ({Better is} 15. b4 $14) 15... h6 16. Qf3 Ng6 17. Qe2 Bg5 18. b4 Bxe3 19. fxe3 b6 20. Kd2 O-O 21. Qf2 b5 22. Rhb1 {[%cal Rc4b5]} cxb4 23. axb4 bxc4 24. Bxc4 Qg5 25. Qe2 {[%cal Rc4a6]} Qh4 26. Bxa6 Nxa6 27. Rxa6 Rxa6 28. Qxa6 Qxh3 29. Qe2 Rc8 30. b5 {And now b6 would win.} Nh4 $2 (30... Nf8 $1 $11) 31. Rf1 $2 ({White has to play} 31. b6 $1 $18) 31... Rb8 $1 32. Kc2 Ng2 $1 {[%cal Rg2e3]} 33. Nd1 Ra8 $36 {[%mdl 2048] Black fights for an advantage.} 34. Kb2 {[#]} Nf4 $1 {[%mdl 512]} 35. Qf3 (35. exf4 $2 Qa3+ 36. Kc2 Qa2+ 37. Nb2 Rc8+ 38. Kd2 Qxb2+ 39. Ke1 Rc1+ 40. Kf2 Rc2 $1 $19 {[%mdl 512]}) (35. Qc4 $1 $15 Qg2+ 36. Kb1) 35... Nd3+ 36. Kb1 $2 (36. Kc3 $17 Qxf3 37. Rxf3) 36... Qxf3 $1 $19 ({Less strong is} 36... Qh2 37. Nf2 $17) 37. Rxf3 Rc8 (37... Rb8 $19 {has better winning chances.} 38. Rf1 Rxb5+ 39. Kc2 Nc5) 38. Ka2 $17 Rc1 39. Nf2 $2 {[#]} (39. Rf1 $17) 39... Ne1 $2 ({Don't do} 39... Rc2+ 40. Ka3 $19) (39... Nc5 $1 $19 {White must now prevent ...Rc4.} 40. Kb2 Rc4) 40. Rf5 $2 {[#]} (40. b6 $1 $11 Rc8 41. Rg3) 40... Rc5 $1 $19 41. g5 hxg5 {Accuracy: White = 56%, Black = 75%.} ({Not} 41... Rxb5 42. gxh6 gxh6 43. Rf6 $15) 0-1

[Event "IV Copa Marcel Duchamp 2020"]
[Site "Montevideo"]
[Date "2020.02.14"]
[Round "8.9"]
[White "Dominguez, Facundo"]
[Black "Roselli Mailhe, Bernardo"]
[Result "0-1"]
[WhiteElo "2135"]
[BlackElo "2433"]
[Annotator "TA"]
[PlyCount "70"]
[EventDate "2020.02.08"]
[EventType "swiss"]
[EventCountry "URU"]
[SourceTitle "playchess.com"]
[Source "ChessBase"]
[SourceQuality "1"]

{[%evp 20,70,23,0,56,0,2,0,7,0,5,0,6,7,10,11,0,0,0,-28,-10,-31,-27,-26,-29,-41,-29,-20,-20,-33,-38,-23,-12,-12,-18,-34,-24,-22,-6,-3,0,-2,-5,-29,-15,-16,-14,-8,0,-149,-135,-414,-399]} 1. e4 c5 2. Nf3 e6 3. c3 Nc6 4. d4 d5 5. exd5 exd5 6. Be2 Bd6 7. dxc5 Bxc5 8. O-O Nge7 9. Nbd2 {[%cal Bb1d2,Bd2b3,Bb3d4][%mdl 32]} O-O 10. Nb3 Bb6 11. Nbd4 {[#] has lost popularity (11.Bf4).} f6 $146 {B22: Sicilian: 2 c3.} (11... Nf5 $11) ({Predecessor:} 11... Nf5 12. Bf4 h6 13. Qd2 Nd6 14. Rad1 Ne4 15. Qc1 Re8 16. Be3 Bg4 17. Rfe1 Rc8 18. Nc2 Bc7 19. c4 Bxf3 20. Bxf3 {½-½ (43) Batsanin,D (2442)-Timofeev,A (2640) Vladivostok 2012}) 12. c4 (12. Re1 $14) 12... Kh8 $11 13. cxd5 Qxd5 {[%cal Rc6d4] The position is equal.} 14. Be3 Rd8 {[%cal Rb6d4]} 15. Nxc6 Qxc6 16. Qc1 Nd5 17. Qxc6 bxc6 18. Bxb6 axb6 {[%cal Ba7b6,Bb6b5][%mdl 32]} 19. Bc4 Nf4 20. h3 b5 21. Bb3 c5 22. Rfd1 {[%cal Rd1d8] [#]} Bb7 23. Rxd8+ Rxd8 24. Rd1 Rxd1+ 25. Bxd1 $15 {[%mdl 4096] Endgame KBN-KBN} g5 26. Ne1 Kg7 27. Kf1 Kf7 28. g3 Ne6 29. Ke2 Nd4+ 30. Ke3 Ke6 31. Bh5 Kd6 32. Bg4 Bd5 33. a3 Bb3 34. Nf3 (34. Kd3 $11 {remains equal.}) 34... f5 $17 35. Bxf5 $2 {[%mdl 8192] [#]} (35. Nxg5 $17 h6 36. Ne4+ fxe4 37. Kxe4) 35... Nxf5+ {Accuracy: White = 76%, Black = 95%.} 0-1

[Event "IV Copa Marcel Duchamp 2020"]
[Site "Montevideo"]
[Date "2020.02.14"]
[Round "8.10"]
[White "Guerrero, Alvaro"]
[Black "Mussanti, Diego"]
[Result "0-1"]
[WhiteElo "2094"]
[BlackElo "2330"]
[Annotator "ChessBase"]
[PlyCount "120"]
[EventDate "2020.02.08"]
[EventType "swiss"]
[EventCountry "URU"]
[SourceTitle "playchess.com"]
[Source "ChessBase"]
[SourceQuality "1"]
[TimeControl "5400+30"]

1. e4 {[%emt 0:01:03]} c5 {[%emt 0:00:00]} 2. d3 {[%emt 0:00:12]} Nc6 {[%emt 0:00:18]} 3. Nf3 {[%emt 0:00:14]} e6 {[%emt 0:00:59]} 4. g3 {[%emt 0:00:26]} g6 {[%emt 0:00:19]} 5. Bg2 {[%emt 0:00:14]} Bg7 {[%emt 0:00:06]} 6. h4 {[%emt 0:00:13]} h6 {[%emt 0:01:07]} 7. O-O {[%emt 0:00:19]} Nge7 {[%emt 0:01:17]} 8. c3 {[%emt 0:00:14]} O-O {[%emt 0:03:06]} 9. Be3 {[%emt 0:12:09]} b6 {[%emt 0:02:02]} 10. Qd2 {[%emt 0:00:47]} Kh7 {[%emt 0:00:35]} 11. d4 {[%emt 0:00:08]} cxd4 {[%emt 0:06:25]} 12. cxd4 {[%emt 0:03:06]} d5 {[%emt 0:00:26]} 13. e5 {[%emt 0:00:23]} Nf5 {[%emt 0:00:41]} 14. Bf4 {[%emt 0:00:54]} Ba6 {[%emt 0:08:16]} 15. Rc1 {[%emt 0:00:20]} Rc8 {[%emt 0:00:29]} 16. Na3 {[%emt 0:07:11]} Qe7 {[%emt 0:13:08]} 17. Rc3 {[%emt 0:00:59]} Nb4 {[%emt 0:02:24]} 18. Rb3 {[%emt 0:00:40]} Nc6 {[%emt 0:01:39]} 19. g4 {[%emt 0:00:59]} Nxh4 {[%emt 0:01:50]} 20. Nxh4 {[%emt 0:00:03]} Qxh4 {[%emt 0:04:04]} 21. Rh3 {[%emt 0:00:27]} Qxg4 {[%emt 0:00:27]} 22. Bxh6 {[%emt 0:00:12]} Qxh3 {[%emt 0:08:55]} 23. Bxh3 {[%emt 0:10:50]} Bxh6 {[%emt 0:00:12]} 24. Qd1 {[%emt 0:00:41]} Na5 {[%emt 0:09:50]} 25. Bf1 {[%emt 0:09:25]} Bxf1 {[%emt 0:00:25]} 26. Qxf1 {[%emt 0:00:05]} Nc4 {[%emt 0:00:21]} 27. Nxc4 {[%emt 0:02:37]} Rxc4 {[%emt 0:00:37]} 28. Rd1 {[%emt 0:00:24]} Rfc8 {[%emt 0:00:17]} 29. Kg2 {[%emt 0:00:06]} R8c7 {[%emt 0:07:03]} 30. Qd3 {[%emt 0:00:25]} Rc1 {[%emt 0:01:56]} 31. Rxc1 {[%emt 0:01:18]} Bxc1 {[%emt 0:00:34]} 32. Qa3 {[%emt 0:03:44]} Kg7 {[%emt 0:02:24]} 33. Qf3 {[%emt 0:09:48]} Bg5 {[%emt 0:01:20]} 34. Qg3 {[%emt 0:00:34]} Be7 {[%emt 0:00:19]} 35. Qd3 {[%emt 0:01:30]} Rc4 {[%emt 0:02:30]} 36. b3 {[%emt 0:01:11]} Rc7 {[%emt 0:00:09]} 37. Qb5 {[%emt 0:10:00]} Rc2 {[%emt 0:02:39]} 38. Kg3 {[%emt 0:02:59]} Rxa2 {[%emt 0:01:27]} 39. Qe8 {[%emt 0:01:15]} Bf8 {[%emt 0:00:25]} 40. f3 {[%emt 0:01:51]} a6 {[%emt 0:01:53]} 41. Qd8 {[%emt 0:03:00]} b5 {[%emt 0:00:29]} 42. Qb6 {[%emt 0:03:57]} b4 {[%emt 0:01:00]} 43. Qc6 {[%emt 0:00:29]} Rd2 {[%emt 0:00:43]} 44. Qb6 {[%emt 0:00:34]} Rd3 {[%emt 0:00:25]} 45. Kf2 {[%emt 0:01:54]} Rxb3 {[%emt 0:00:21]} 46. Qxa6 {[%emt 0:00:06]} Rc3 {[%emt 0:00:10]} 47. Qa5 {[%emt 0:00:40]} Rc4 {[%emt 0:02:01]} 48. Qb6 {[%emt 0:00:47]} Be7 {[%emt 0:00:08]} 49. Kg3 {[%emt 0:00:48]} Rc3 {[%emt 0:00:35]} 50. Qb7 {[%emt 0:01:30]} Bf8 {[%emt 0:00:10]} 51. Qa7 {[%emt 0:00:53]} b3 {[%emt 0:00:30]} 52. Qa1 {[%emt 0:00:27]} Rc4 {[%emt 0:01:03]} 53. Qb2 {[%emt 0:00:12]} Rb4 {[%emt 0:00:09]} 54. f4 {[%emt 0:03:42]} Rb8 {[%emt 0:00:19]} 55. f5 {[%emt 0:06:13]} exf5 {[%emt 0:03:17]} 56. Kf4 {[%emt 0:00:25]} Ba3 {[%emt 0:01:22]} 57. Qb1 {[%emt 0:00:24]} b2 {[%emt 0:00:09]} 58. Ke3 {[%emt 0:01:16]} Rc8 {[%emt 0:00:31]} 59. e6 {[%emt 0:01:43]} Rc1 {[%emt 0:01:00]} 60. e7 {[%emt 0:00:32]} Rxb1 {[%emt 0:00:25]} 0-1

[Event "IV Copa Marcel Duchamp 2020"]
[Site "Montevideo"]
[Date "2020.02.14"]
[Round "8.11"]
[White "Coppola, Claudio"]
[Black "Amura, Claudia"]
[Result "0-1"]
[WhiteElo "2314"]
[BlackElo "2245"]
[Annotator "TA"]
[PlyCount "102"]
[EventDate "2020.02.08"]
[EventType "swiss"]
[EventCountry "URU"]
[SourceTitle "playchess.com"]
[Source "ChessBase"]
[SourceQuality "1"]

{[%evp 11,102,17,25,19,14,16,34,44,59,27,27,33,27,16,37,10,19,29,54,51,59,31,41,36,41,45,43,33,106,109,91,76,74,63,47,55,81,71,72,69,419,420,425,0,0,0,0,0,0,0,2,0,0,0,0,0,0,0,0,-56,-56,-184,0,-118,-102,-278,-262,-260,-240,-222,-215,-359,-359,-368,-352,-358,-344,-308,-316,-636,-629,-806,-761,-725,-716,-825,-674,-1647,-1596,-2217,-2183,-5627,-2889]} 1. d4 Nf6 2. c4 e6 3. g3 d5 4. Bg2 dxc4 5. Nf3 a6 6. O-O Nc6 7. Bg5 {E04: Open Catalan: 5 Nf3.} Be7 8. e3 Nd5 {8...0-0 gains popularity.} 9. Bxe7 {[#] White is slightly better.} Ndxe7 $146 ({Predecessor:} 9... Qxe7 10. Nfd2 b5 11. b3 cxb3 12. Nxb3 O-O 13. Qc1 Bd7 14. Nc5 Rfd8 15. Nc3 Be8 {1-0 (62) Yuffa,D (2582)-Harsha,B (2486) Riga 2019}) 10. Qe2 b5 11. b3 cxb3 12. axb3 Rb8 13. Rc1 {[%mdl 1024] White has compensation.} Rb6 14. Nc3 {[%cal Bb1c3,Bc3d1,Bd1b2][%mdl 32]} f5 15. Nd1 Qd6 16. Rc5 O-O 17. Rac1 Nd5 18. Nb2 a5 19. Nd3 Ncb4 (19... Bb7 $14) 20. Nfe5 $16 {Threatens to win with Nxb4.} Bb7 21. Nxb4 axb4 22. Bxd5 Bxd5 23. Qc2 Rb7 24. Ra1 g5 25. f3 f4 $2 {[%mdl 8192]} ({Black should try} 25... g4 $14) 26. gxf4 $18 gxf4 27. Kf2 $2 ({Only move:} 27. e4 $1 $18 {[%cal Re4d5]} Bxb3 28. Qg2+ Kh8 29. Kh1) 27... fxe3+ $11 28. Kxe3 c6 29. Rg1+ Rg7 30. Rxg7+ Kxg7 31. Qg2+ Kh8 32. Qh3 Rf6 33. Qh4 Qf8 $36 {[%mdl 2048] Black has some pressure.} 34. f4 Qg7 35. Rc1 (35. Qg3 $11) 35... Rf8 $15 {aiming for ...Qg2.} 36. Qf2 ({Better is} 36. Qg5 $15) 36... Rg8 $2 (36... Bxb3 $19 37. Nxc6 Qf6 38. Nxb4 e5 $1 {[%mdl 512]}) 37. Ra1 (37. Rg1 $1 $11 Qf8 38. Rxg8+ Kxg8 39. Qh4) 37... Qe7 $17 38. Qa2 $2 (38. Rg1 $17 {was called for.} Rxg1 39. Qxg1) 38... c5 $19 ({Weaker is} 38... Qh4 39. Nf7+ Kg7 40. Ng5 $17) 39. Qa7 Qxa7 40. Rxa7 {[%mdl 4096] Endgame [#] KRB-KRN} c4 $1 41. Nf7+ (41. bxc4 $142 bxc4 42. Rc7) 41... Kg7 42. Ne5+ Kh6 43. Nf7+ Kh5 44. Ne5 {[%cal Ra7h7]} h6 45. f5 $2 (45. Ra5 Rb8 46. Ra1 (46. bxc4 $2 b3 $19)) 45... cxb3 {Hoping for ...b2.Black is clearly winning.} 46. Nd3 exf5 47. Ra1 Be4 48. Rb1 Rc8 {Strongly threatening ...Rc3.} 49. Nf4+ Kg5 50. Rg1+ Kf6 51. Rg6+ Kf7 {Accuracy: White = 50%, Black = 81%.} 0-1

[Event "IV Copa Marcel Duchamp 2020"]
[Site "Montevideo"]
[Date "2020.02.14"]
[Round "8.12"]
[White "Lopez Azambuja, Nicolas"]
[Black "El Ters, Antouan"]
[Result "1-0"]
[WhiteElo "2310"]
[BlackElo "2189"]
[Annotator "TA"]
[PlyCount "87"]
[EventDate "2020.02.08"]
[EventType "swiss"]
[EventCountry "URU"]
[SourceTitle "playchess.com"]
[Source "ChessBase"]
[SourceQuality "1"]

{[%evp 13,87,36,48,37,48,39,70,20,70,72,78,81,77,79,92,77,85,94,86,66,66,62,93,89,90,70,87,91,104,85,104,88,97,73,95,44,85,80,87,83,94,83,79,64,63,42,97,97,111,80,92,106,115,83,102,87,87,82,156,150,155,71,91,84,213,138,211,211,567,572,549,530,527,510,791,771]} 1. e4 e5 2. Nf3 Nc6 3. Bc4 Be7 4. d4 d6 5. d5 Nb8 6. Bd3 Nf6 7. c4 O-O 8. Nc3 {C50: Hungarian Defence and Giuoco Pianissimo.} a5 9. a3 Nbd7 {[#]} 10. Bc2 $146 {White is slightly better.} ({Predecessor:} 10. Rb1 Nh5 11. b4 g6 12. Bh6 Ng7 13. Qc2 Nf6 14. h3 Nfh5 15. O-O f5 16. Ra1 Nf4 17. Bxf4 fxe4 18. Nxe4 Rxf4 {1-0 (18) Heberla,B (2510)-Jasik,K (2359) Karpacz 2008}) 10... b6 11. h3 Nc5 12. Be3 Bb7 13. O-O c6 14. b4 Ncd7 15. dxc6 Bxc6 16. Qe2 Qc7 17. Nd2 axb4 18. axb4 Rfc8 19. Bd3 Rxa1 20. Rxa1 Ra8 21. Qd1 Qb8 22. Nd5 Bd8 23. Nb3 Ba4 {[#] ...Nxd5 is the strong threat.} 24. Rb1 (24. Nc3 $16 Bc6 25. Nd2) 24... h6 25. Nc3 Bc6 26. Qc2 Qc8 27. Rd1 Nf8 28. Be2 Ne8 29. Bg4 Bd7 ({Black should play} 29... Qc7 $14) 30. Bxd7 $16 Nxd7 31. Nb5 Qc6 32. Qd3 Be7 33. Nd2 Nc7 34. Nc3 Nf6 35. Rb1 Ne6 (35... Qb7 $142) 36. Nd5 Bd8 37. Nf1 (37. Bxb6 $142 Nf4 38. Nxf4 Bxb6 39. Nd5 Nxd5 40. exd5 (40. cxd5 Qc7 $16)) 37... Rc8 38. Rc1 $36 {[%mdl 2048] Keeping Black busy.} Ne8 (38... Nf4 $16 {was called for.} 39. Nxf4 (39. Bxf4 exf4 40. b5 Qe8 $14) 39... exf4 40. Bxf4 Qxe4 41. Qxe4 Nxe4) 39. Ng3 Kf8 (39... Rb8 $16 40. Nf5 Qb7) 40. Nf5 $18 Bg5 $2 {[#]} (40... Qb7 41. f3 h5) 41. Bxg5 {White is clearly winning.} hxg5 42. Nfe7 Nf4 43. Qe3 Nxd5 (43... Qd7 $142 44. Nxc8 Qxc8 45. Nxb6 Qa6) 44. exd5 {Accuracy: White = 77%, Black = 58%.} 1-0

[Event "IV Copa Marcel Duchamp 2020"]
[Site "Montevideo"]
[Date "2020.02.14"]
[Round "8.13"]
[White "Contin, Daniel"]
[Black "Vazquez, Facundo"]
[Result "1/2-1/2"]
[WhiteElo "2267"]
[BlackElo "2155"]
[Annotator "TA"]
[PlyCount "40"]
[EventDate "2020.02.08"]
[EventType "swiss"]
[EventCountry "URU"]
[SourceTitle "playchess.com"]
[Source "ChessBase"]
[SourceQuality "1"]

{[%evp 11,40,-7,0,-26,-12,-22,-12,0,-14,-19,-9,-45,-42,-69,-50,-78,-37,-126,-53,-93,-78,-94,-10,-25,-9,-15,19,-20,5,-12,0]} 1. Nf3 Nf6 2. c4 g6 3. b4 Bg7 4. Bb2 O-O 5. g3 c6 6. Bg2 d5 7. Na3 {A15: English Opening: 1...Nf6.} a5 8. b5 dxc4 9. bxc6 Nxc6 10. Nxc4 Be6 11. d3 b5 {[#]} 12. Ne3 $146 ({Predecessor:} 12. Nce5 Nxe5 13. Nxe5 Bd5 14. e4 Bb7 15. O-O Nd7 16. Nxd7 Qxd7 17. Bxg7 Kxg7 18. d4 {½-½ (25) Panjwani,R (2422)-Cheng,B (2442) Arlington 2013}) 12... Rc8 13. O-O h6 14. Qd2 {[#]} ({White has to play} 14. Rc1 $1 $15) 14... Qb6 ({Better is} 14... Ne4 $1 $17 {[%cal Re4d2][%mdl 512]} 15. dxe4 Qxd2 16. Nxd2 Bxb2) 15. Rfb1 Rfd8 16. Qe1 Ne8 ({Black should try} 16... Ng4 $17 17. Qd2 b4) 17. Bxg7 Nxg7 18. a3 {The position is equal.} Ne8 19. Qd2 Nd6 20. Nc2 Kh7 {Accuracy: White = 53%, Black = 57%.} 1/2-1/2

[Event "IV Copa Marcel Duchamp 2020"]
[Site "Montevideo"]
[Date "2020.02.14"]
[Round "8.14"]
[White "Michailov, Matias"]
[Black "Carvalho, Guillermo"]
[Result "1-0"]
[WhiteElo "2262"]
[BlackElo "2187"]
[Annotator "TA"]
[PlyCount "119"]
[EventDate "2020.02.08"]
[EventType "swiss"]
[EventCountry "URU"]
[SourceTitle "playchess.com"]
[Source "ChessBase"]
[SourceQuality "1"]

{[%evp 16,119,36,8,37,7,20,14,16,0,0,0,0,-20,0,-6,0,0,0,0,15,11,11,13,59,47,52,41,49,11,2,12,9,0,13,-86,0,0,0,-73,0,-29,-12,-68,-70,-52,-64,-62,-85,-83,-68,-137,-133,-189,-198,-188,-87,-247,-105,-330,-332,-356,-337,-501,-404,-371,-157,-248,-240,-225,-241,-248,-234,-267,-227,-258,-258,-377,-268,-379,-356,-341,-326,-500,-498,-473,-506,-463,0,0,0,0,1978,2159,1377,1299,29972,29973,29963,29952,29978,29979,29979,29980,29996,29997]} 1. e4 e5 2. Nf3 Nc6 3. Bb5 a6 4. Ba4 Nf6 5. O-O Be7 6. Re1 b5 7. Bb3 O-O 8. a4 Rb8 9. d3 d6 {C88: Closed Ruy Lopez: Anti-Marshall Systems.} 10. Nbd2 {was the old line (10.axb5).} Na5 11. Ba2 b4 {The position is equal.} 12. Nf1 c5 13. Ne3 Be6 14. Bd2 Nc6 15. Bc4 {[#]} a5 $146 ({Predecessor:} 15... Bxc4 16. Nxc4 Re8 17. Bg5 Nd7 18. Nxd6 Bxg5 19. Nxe8 Be7 20. Nxg7 Kxg7 21. Nd2 Kh8 {½-½ (76) Fier,A (2653)-Khalifman,A (2612) Khanty-Mansiysk 2009}) 16. c3 Bxc4 17. Nxc4 Qc7 18. Rc1 Nd7 19. Ne3 bxc3 20. bxc3 Qb7 21. Nf5 Rfe8 22. Ng5 {aiming for Qh5!} Qb3 23. Qg4 Nf6 24. Qg3 {Strongly threatening Nxg7!} Bf8 25. Qh4 (25. Nf3 $11) 25... h6 (25... Ne7 $1 $17) 26. Nf3 $11 {[%cal Rd2h6]} Qe6 27. g4 (27. Qg3 $11 Kh8 28. Qh3) 27... Nh7 28. Qg3 Rb2 (28... d5 {is interesting.} 29. g5 hxg5 30. Bxg5 c4 31. Bh6 Qg6) 29. d4 (29. g5 $11) 29... exd4 30. cxd4 Nxd4 31. N3xd4 cxd4 32. Nxd4 Qd7 33. Bc3 ({White should try} 33. Bxa5 $15 Qxa4 34. Bc3) 33... Ra2 $17 34. Nf5 (34. h3 $17) 34... Rxa4 $19 35. f3 Rc8 (35... d5 $19 {[%cal Rd5e4]} 36. Red1 Rc4 37. exd5 (37. Rxd5 $2 Qc6 $19) 37... g6) 36. Qf2 $2 (36. Ne3 $17) 36... Qe6 (36... d5 $19 {and Black stays clearly on top. And now ...g6 would win.} 37. Qd2 Ng5) 37. Qd2 $2 (37. Nd4 $17 {was necessary.} Qd7 38. Bb2) 37... Ng5 38. Re3 Ra2 39. Bb2 (39. Rc2 {keeps fighting.} Rxc2 40. Qxc2) 39... Rb8 40. Rc2 {[#]} Qd7 (40... d5 $1 $19 {[%mdl 512] is more deadly.} 41. Bxg7 (41. Qxd5 Rbxb2) 41... Rxc2 42. Qxc2 Bxg7 43. exd5 Qf6) 41. h4 {[#]} (41. Kg2 $17) 41... Ne6 $1 42. Ra3 Rxa3 43. Bxa3 Rb1+ 44. Kh2 Qa7 {...Qg1+ is the strong threat.} 45. Qf2 Qa6 46. Rd2 (46. e5 {is a better defense.} g6 47. Ng3) 46... Rf1 47. Qg3 (47. Qg2 $142) 47... Ra1 48. Bb2 Rb1 49. Rf2 (49. Qf2 $142) 49... a4 50. g5 hxg5 51. hxg5 {Hoping for Nh6+!} a3 $2 {[#]} ({Black should play} 51... Qb5 $19 52. Ba3 g6) 52. Nh6+ $1 $11 {[%mdl 512]} gxh6 53. gxh6+ Ng7 $2 {[%mdl 8192]} ({Not} 53... Kh7 $2 54. Rg2 $18) (53... Bg7 $11 54. Bxg7 Qb5) 54. Bxg7 $18 {h7+! would kill now.} d5 55. Bxf8+ Kxf8 56. Qg7+ {White mates.} Ke7 57. h7 Qd6+ 58. e5 Qc5 59. Rg2 Qc1 60. Qf6+ {Accuracy: White = 53%, Black = 67%.} 1-0